[Event "Wch U10 blitz"]
[Site "Batumi"]
[Date "2023.06.11"]
[Round "9"]
[White "Zabelin, Platon"]
[Black "Leht, Karl Samuel"]
[Result "1-0"]
[WhiteElo "1534"]
[BlackElo "1120"]
[PlyCount "113"]
[EventDate "2023.06.10"]
[EventType "swiss (blitz)"]
[EventRounds "11"]
[EventCountry "GEO"]
[SourceTitle "EXT 2024"]
[Source "ChessBase"]
[SourceDate "2023.10.10"]
[SourceVersion "1"]
[SourceVersionDate "2023.10.10"]
[SourceQuality "1"]
[WhiteTeam "Russia"]
[BlackTeam "Estonia"]
[WhiteTeamCountry "RUS"]
[BlackTeamCountry "EST"]

1. d4 d5 2. c4 e6 3. Nc3 Nf6 4. cxd5 exd5 5. Bg5 Nbd7 6. e3 Be7 7. Bd3 0-0 8. Nge2 h6 9. Bh4 c6 10. 0-0 Bd6 11. h3 Qc7 12. Bf5 Re8 13. Qc2 a6 14. Rac1 Qb8 15. Na4 Bc7 16. Bg3 Bxg3 17. Nxg3 Qd6 18. Bxd7 Bxd7 19. Qb3 b5 20. Nb6 Rab8 21. Nxd7 Qxd7 22. Rc2 Rb6 23. Rfc1 a5 24. Rc5 a4 25. Qc2 Rc8 26. Qe2 Ne8 27. b3 axb3 28. axb3 Nd6 29. Ra1 Nb7 30. Rc2 Nd6 31. Rca2 Rc7 32. Ra8+ Rc8 33. R8a7 Rc7 34. R7a2 Qe7 35. Qd3 g6 36. Ra8+ Rc8 37. Rxc8+ Nxc8 38. Rc1 Qd7 39. Ra1 Ne7 40. Qc3 Kg7 41. Qc5 Rb7 42. Ra6 Qc8 43. Ne2 Rc7 44. Nc3 Qxa6 45. Qd6 Qb7 46. Qe5+ f6 47. Qd6 Kf7 48. Qd8 Qc8 49. Qd6 Qd7 50. Qc5 Ra7 51. g3 Qb7 52. Kg2 Qb6 53. Qxb6 Rd7 54. Qc5 Rb7 55. Qd6 Ra7 56. Qc5 Rc7 57. Nxb5 1-0

[Event "Wch U10 blitz"]
[Site "Batumi"]
[Date "2023.06.10"]
[Round "1"]
[White "Zabelin, Platon"]
[Black "Chighvinadze, Robert"]
[Result "1-0"]
[WhiteElo "1534"]
[BlackElo "1158"]
[PlyCount "121"]
[EventDate "2023.06.10"]
[EventType "swiss (blitz)"]
[EventRounds "11"]
[EventCountry "GEO"]
[SourceTitle "EXT 2024"]
[Source "ChessBase"]
[SourceDate "2023.10.10"]
[SourceVersion "1"]
[SourceVersionDate "2023.10.10"]
[SourceQuality "1"]
[WhiteTeam "Russia"]
[BlackTeam "Georgia"]
[WhiteTeamCountry "RUS"]
[BlackTeamCountry "GEO"]

1. d4 d5 2. c4 e6 3. Nc3 c5 4. cxd5 exd5 5. Nf3 Nf6 6. Bg5 Be6 7. e3 Nc6 8. Bb5 a6 9. Bxc6+ bxc6 10. Qa4 Bd7 11. 0-0 Bd6 12. dxc5 Bxc5 13. Qc2 Bd6 14. Rad1 h6 15. Bh4 0-0 16. Bg3 Bxg3 17. hxg3 Bg4 18. Rd2 Qc8 19. Nh2 Bf5 20. Qd1 Ne4 21. Nxe4 Bxe4 22. Qg4 Qxg4 23. Nxg4 Rab8 24. Ne5 Rfc8 25. Rc1 Rb6 26. f3 Bf5 27. g4 Be6 28. Rdc2 Kh7 29. Nxc6 Bd7 30. Nd4 Rxc2 31. Rxc2 f6 32. b3 Be8 33. Rc7 Bg6 34. f4 Bb1 35. a3 Ba2 36. b4 Bc4 37. Nf5 Rb8 38. Rxg7+ Kh8 39. Rg6 d4 40. Nxd4 Kh7 41. Rxf6 Kg7 42. Rc6 Bd5 43. Rc7+ Kg8 44. Kf2 Kf8 45. Rh7 Re8 46. Rh8+ Kf7 47. Rxe8 Kxe8 48. Nf5 Kf7 49. Nxh6+ Kg6 50. Nf5 Kf6 51. Nd4 Ke7 52. g5 Kf7 53. Kg3 Bxg2 54. Kxg2 a5 55. b5 a4 56. b6 Ke7 57. b7 Kd7 58. b8Q Ke7 59. Qc7+ Ke8 60. g6 Kf8 61. Qf7# 1-0

[Event "Wch U10 rapid"]
[Site "Batumi"]
[Date "2023.06.07"]
[Round "4"]
[White "Zabelin, Platon"]
[Black "Banerjee, Supratit"]
[Result "0-1"]
[WhiteElo "1696"]
[BlackElo "1848"]
[PlyCount "96"]
[EventDate "2023.06.06"]
[EventType "swiss (rapid)"]
[EventRounds "11"]
[EventCountry "GEO"]
[SourceTitle "EXT 2024"]
[Source "ChessBase"]
[SourceDate "2023.10.10"]
[SourceVersion "1"]
[SourceVersionDate "2023.10.10"]
[SourceQuality "1"]
[WhiteTeam "FIDE"]
[BlackTeam "Schottland"]
[BlackTeamCountry "SCO"]

1. d4 d5 2. c4 e6 3. Nc3 Nf6 4. cxd5 exd5 5. Bg5 Be7 6. e3 0-0 7. Bd3 c6 8. Qc2 h6 9. Bh4 Re8 10. Nge2 Bd6 11. h3 Be6 12. Bf5 Na6 13. a3 Qd7 14. Bxe6 Qxe6 15. Bg3 Bxg3 16. Nxg3 c5 17. 0-0 Rac8 18. Rfd1 cxd4 19. Rxd4 Nc5 20. Rad1 Red8 21. Qf5 g6 22. Qf3 Nb3 23. Rf4 Kg7 24. Nge2 Ne4 25. Nxe4 dxe4 26. Qxe4 Rxd1+ 27. Kh2 Qxe4 28. Rxe4 Rc2 29. Nc3 Rdd2 30. Rb4 Nc5 31. Rb5 b6 32. b4 Rxc3 33. bxc5 Rxc5 34. Rb4 Rcc2 35. Ra4 a5 36. Kg3 Rxf2 37. Rd4 Rxg2+ 38. Kf3 f5 39. Kf4 Rgf2+ 40. Ke5 Rc5+ 41. Ke6 Rc6+ 42. Ke5 Rc7 43. Kd6 Rf7 44. Kc6 Re2 45. Kxb6 Rxe3 46. a4 f4 47. Kxa5 f3 48. Kb5 f2 0-1

[Event "Wch U10 rapid"]
[Site "Batumi"]
[Date "2023.06.06"]
[Round "3"]
[White "Zabelin, Platon"]
[Black "Sklokin, Sergey"]
[Result "1-0"]
[WhiteElo "1696"]
[BlackElo "1954"]
[PlyCount "205"]
[EventDate "2023.06.06"]
[EventType "swiss (rapid)"]
[EventRounds "11"]
[EventCountry "GEO"]
[SourceTitle "EXT 2024"]
[Source "ChessBase"]
[SourceDate "2023.10.10"]
[SourceVersion "1"]
[SourceVersionDate "2023.10.10"]
[SourceQuality "1"]
[WhiteTeam "FIDE"]
[BlackTeam "FIDE"]

1. d4 c6 2. c4 d5 3. cxd5 cxd5 4. Nc3 Nc6 5. Nf3 Nf6 6. Bf4 e6 7. e3 Bd6 8. Bg3 0-0 9. Bd3 Re8 10. Bxd6 Qxd6 11. 0-0 e5 12. dxe5 Nxe5 13. Nb5 Qb8 14. Nxe5 Qxe5 15. Nd4 Kh8 16. h3 Bd7 17. Rc1 Rac8 18. Qd2 Qh5 19. Rxc8 Rxc8 20. Rc1 Rxc1+ 21. Qxc1 Qe5 22. Qc5 b6 23. Qf8+ Ng8 24. Qxf7 Qc7 25. Qxd5 Nf6 26. Qc4 Qd6 27. Bf5 Bxf5 28. Nxf5 Qd7 29. Nd4 h6 30. Qc6 Qe7 31. Qc8+ Ng8 32. a3 Qe4 33. Qc2 Qd5 34. b4 Qd7 35. Qc6 Qf7 36. g3 Qa2 37. Qa4 Qb1+ 38. Kg2 Qe4+ 39. Kh2 Qb1 40. Qxa7 Qf1 41. Qf7 Nf6 42. Qa2 Ne4 43. Qe2 Qa1 44. Qf3 Nd2 45. Qe2 Ne4 46. Nb5 Qe5 47. Nd4 Qe8 48. Qf3 Ng5 49. Qf4 Ne4 50. Qf3 Ng5 51. Qf4 Ne4 52. h4 Nf6 53. Kg2 Qa8+ 54. Nf3 Qb7 55. Qe5 b5 56. Qc5 Ne4 57. Qf8+ Kh7 58. Qf5+ Kh8 59. Qf8+ Kh7 60. Qf5+ Kg8 61. Qe6+ Kh8 62. Kg1 Nf6 63. Qf5 Qc6 64. Kg2 Kg8 65. Qc5 Qd7 66. Qd4 Qf5 67. Qd8+ Kh7 68. Qd6 Qc2 69. Qd2 Qb3 70. Qd4 Qxa3 71. Qc5 Qd3 72. Qd4 Qe2 73. Qd2 Qc4 74. Kg1 Ne4 75. Qb2 Qd3 76. Nd4 Qd1+ 77. Kg2 Qa4 78. Qc2 Qxb4 79. Qxe4+ Kh8 80. Qe8+ Kh7 81. Qxb5 Qd6 82. Qf5+ Kh8 83. Qc8+ Kh7 84. Qc6 Qd8 85. Qe4+ Kh8 86. Nf3 Qd6 87. Qe5 Qc6 88. h5 Kh7 89. Qf5+ Kh8 90. e4 Kg8 91. e5 Kh8 92. e6 g6 93. Qf6+ Kg8 94. Qxg6+ Kh8 95. Qxh6+ Kg8 96. Qg6+ Kh8 97. Qd3 Qxe6 98. Qd4+ Kg8 99. Qe5 Qc6 100. Qg5+ Kh8 101. h6 Qg6 102. Qe5+ Kg8 103. Qg7+ 1-0